书目信息 |
| 题名: |
前西行漫记
|
|
| 作者: | 斯诺 著 ;王福时 , 郭达 , 李放 译 | |
| 分册: | ||
| 出版信息: | 北京 解放军文艺出版社 2006 |
|
| 页数: | 326页 | |
| 开本: | 21cm | |
| 丛书名: | 外国人笔下的红色中国丛书 | |
| 单 册: | ||
| 中图分类: | K269.406 | |
| 科图分类: | ||
| 主题词: | ||
| 电子资源: | ||
| ISBN: | 7-5033-1931-3 | |
| 000 | 01351oam2 2200361 450 | |
| 001 | 1239316416 | |
| 005 | 20121007105626.21 | |
| 010 | @a7-5033-1931-3@dCNY26.00 | |
| 100 | @a20060529d2006 em y0chiy50 ea | |
| 101 | 1 | @achi@ceng |
| 102 | @aCN@b110000 | |
| 105 | @aab z 000yd | |
| 200 | 1 | @a前西行漫记@Aqian xi xing man ji@f(美)埃德加·斯诺等著@g王福时,郭达,李放译 |
| 210 | @a北京@c解放军文艺出版社@d2006 | |
| 215 | @a326页@c地图,照片@d21cm | |
| 225 | 2 | @a外国人笔下的红色中国丛书 |
| 312 | @a封面英文题名:The first edition of red star over China | |
| 312 | @a原名:外国记者西北印象记 | |
| 330 | @a本书首次向外界披露了当时陕北和四川红军根据地的真实情况和“西安事变”的真相,阐明了中国共产党广泛建立抗日民族统一战线的正确主张。 | |
| 461 | 0 | @12001 @a外国人笔下的红色中国丛书 |
| 510 | 1 | @aFirst edition of red star over China@zeng |
| 517 | 1 | @a外国记者西北印象记@Awai guo ji zhe xi bei yin xiang ji |
| 607 | @a陕北革命根据地@j史料 | |
| 607 | @a湘鄂川黔革命根据地@j史料 | |
| 607 | @a陕北革命根据地 | |
| 607 | @a湘鄂川黔革命根据地 | |
| 690 | @aK269.406@v4 | |
| 701 | 0 | @c(美)@a斯诺@Asi nuo@c(Snow, Edgar@f1905~1972)@4著 |
| 702 | 0 | @a王福时@Awang fu shi@f(1911~)@4译 |
| 702 | 0 | @a郭达@Aguo da@f(1909~1995)@4译 |
| 702 | 0 | @a李放@Ali fang@c(翻译)@4译 |
| 801 | 0 | @aCN@bNLC@c20101222 |
| 905 | @a10447@dK269.406@eJY53 | |
| 前西行漫记/(美)埃德加·斯诺等著/王福时,郭达,李放译.-北京:解放军文艺出版社,2006 |
| 326页:地图,照片;21cm.-(外国人笔下的红色中国丛书) |
| ISBN 7-5033-1931-3:CNY26.00 |
| 本书首次向外界披露了当时陕北和四川红军根据地的真实情况和“西安事变”的真相,阐明了中国共产党广泛建立抗日民族统一战线的正确主张。 |
| ● |
| 相关链接 |
|
|
|
|
正题名:前西行漫记
索取号:K269.406/JY53
 
预约/预借
| 序号 | 登录号 | 条形码 | 馆藏地/架位号 | 状态 | 备注 |
| 1 | 7832352 | 278323529 | 学院路分馆/ [索取号:K269.406/JY53] | 在馆 | |
| 2 | 7832353 | 278323538 | 学院路分馆/ [索取号:K269.406/JY53] | 在馆 |